|
|
|
|
| LEADER |
01373ppm a22003138a 4500 |
| 001 |
00026908 |
| 005 |
20171026081025.0 |
| 008 |
110912s2010 ||||||viesd |
| 041 |
0 |
# |
|a vie
|
| 082 |
1 |
4 |
|a 891.4
|b TH250G
|
| 100 |
1 |
# |
|a Huỳnh, Thanh Vân
|
| 245 |
1 |
0 |
|a Thế giới trẻ thơ trong trăng non của Rabindranath Tagore
|b Khóa luận tốt nghiệp : Ngành Sư phạm Ngữ Văn: Trình độ : Đại học
|c Huỳnh Thanh Vân, Châu Thiện Mỹ, Trần Thị Chức Nữ; Nguyễn Thị Kim Tiến hướng dẫn
|
| 260 |
# |
# |
|a Đồng Tháp
|b Trường Đại học Đồng Tháp
|c 2010
|
| 300 |
# |
# |
|a 69 tr.
|c 30 cm.
|e 1 bản tóm tắt
|
| 500 |
# |
# |
|a ĐTTTS ghi: Bộ Giáo dục và Đào tạo. Trường Đại học Đồng Tháp
|
| 502 |
# |
# |
|a Thư mục : Tr.68 - 69
|
| 600 |
1 |
4 |
|a Tagore, Rabindranath
|
| 650 |
|
|
|a Nghiên cứu văn học
|z Ấn Độ
|
| 653 |
# |
# |
|a Thơ
|
| 700 |
1 |
# |
|a Châu, Thiện Mỹ
|
| 700 |
1 |
# |
|a Nguyễn, Thị Kim Tiến
|e hướng dẫn
|
| 700 |
1 |
# |
|a Trần, Thị Chức Nữ
|
| 852 |
# |
# |
|b Kho đọc
|j KD.0011485, KD.0013885
|
| 852 |
# |
# |
|j KD.0011485
|j KD.0013885
|
| 910 |
# |
# |
|a Ntuyet
|d 12/09/2011
|
| 980 |
# |
# |
|a Trung tâm Học liệu Lê Vũ Hùng, Trường Đại học Đồng Tháp
|